LEADER 01415nam a2200301 u 4500 001 000000015866 003 CaOOAMICUS 005 20070226105928.0 008 941215s1928 it u000 u ita u 035 $a10371489 040 $aPUL(R)$bita 041 1 $aita$hlat 110 2 $aPapi (1903-1914 : Pius PP. X).$0(OLS)http://pul/name/14501 245 13$aIl decreto "Quam singulari" sull'età richiesta per la prima comunione ... /$clettera introduttiva dell'Eminentissimo sign. card. Pietro Gasparri ... ; breve commento e relativo schemo di cathechismo per mons. Domenico Jorio .. 260 $aRoma :$bF. Pustet,$c1928. 300 $aviii, 80 p. ;$c20 cm 500 $aContiene appendice. 504 $aBibliografia in nota. 650 4$aCatechismo.$0(OLS)http://pul/subject/1485 700 1 $aGasparri, Pietro,$ccard.,$d1852-1934.$0(OLS)http://pul/name/9742 700 1 $aJorio, Domenico,$ccard.,$d1867-1954.$0(OLS)http://pul/name/14500 850 $aPUL 852 $aPUL$W1$xSL Religione 1$y3$m39 D 17$j22297$nBK-PRI$b $qStampati$B22297$CPULBib$Z2$F22297 $H $81 900 $aPius PP.$bX,$cs.,$d1835-1914$914501 900 $aPius PP.$bX,$cs.,$d1835-1914$914501 941 1 $a8 996 $6245$aIl decreto "Quam singulari" sull'età richiesta per la prima comunione ... $9(OLS)http://pul/title/22700 996 $6260$aRoma :$bF. Pustet$9(OLS)http://pul/publisher/47901 LEADER 01798nam a2200325 a 4500 001 000000150687 003 CaOOAMICUS 005 20160321151541.0 008 160321s2015 it m 000 0 ita r 032 $aLibriCat 040 $aPUL$bita 100 1 $aParise, Giovanni,$d1986-$0(OLS)http://pul/name/95906 245 13$aLa giurisprudenza del Supremo Tribunale della Segnatura Apostolica in materia di soppressione, unione e modifica di parrocchie e di riduzione ad uso profano non indecoroso di edifici sacri / $cGiovanni Parise. 260 $aRoma :$bEDUSC,$c2015. 300 $a473 p.$c24 cm 490 1 $aDissertationes.$aSeries canonica ;$v42 502 $aTesi di Dottorato in Diritto Canonico--Pontificia Universitas Sanctae Crucis, 2015. 504 $aBibliografia: p. 451-473. 650 04$aDiritto canonico amministrativo.$0(OLS)http://pul/subject/1786 650 04$aTribunali ecclesiastici.$0(OLS)http://pul/subject/2672 650 04$aParrocchie (diritto canonico).$0(OLS)http://pul/subject/4381 710 2 $aPontificia Università della Santa Croce.$bFacoltà di diritto canonico.$kTesi.$0(OLS)http://pul/name/66397 830 0$aDissertationes (Pontificia Università della Santa Croce).$pSeries canonica ;$v42.$0(OLS)http://pul/title/103377 850 $aPUL 852 $aPUL$W1$xDP1 Tesi Pon. Univ. S. Croce$y43$m2015 C 1$j164535$qTesi$B175277$CPULBib$Z2$F175277 $82 941 1 $a16 960 $aDiritto amministrativo canonico$91786 996 $6245$aLa giurisprudenza del Supremo Tribunale della Segnatura Apostolica in materia di soppressione, unione e modifica di parrocchie e di riduzione ad uso profano non indecoroso di edifici sacri / $9(OLS)http://pul/title/189848 996 $6260$aRoma :$bEDUSC$9(OLS)http://pul/publisher/79480